Soñé que la nieve ardía

Guardat en:
Dades bibliogràfiques
Autor principal: Skármeta, Antonio (Autor)
Format: Llibre
Idioma:espanyol
Publicat: Barcelona Plaza & Janés 1985
Col·lecció:Biblioteca Letras del exilio
Matèries:
Etiquetes: Afegir etiqueta
Sense etiquetes, Sigues el primer a etiquetar aquest registre!

MARC

LEADER 00000nam a2200000 a 4500
001 UCX0268
003 CL-VaPUC
008 890905e19850000SP |||||||||||||||||spa|d
082 0 4 |a Ch863  |b SKA  |2 21 
100 0 |a Skármeta, Antonio  |e author  |9 315650 
245 1 0 |a Soñé que la nieve ardía 
300 |a 283 p 
942 |c BK 
945 |d 19890905 00:00:00 
260 |a Barcelona  |b Plaza & Janés  |c 1985 
650 0 |a Novelas chilenas   |9 265425 
583 |a last modification  |c 19890905 00:00:00  |k Rodrigo Vera 
490 0 |a Biblioteca Letras del exilio 
999 |c 221922  |d 221920 
952 |0 0  |1 0  |4 0  |6 CH_863_000000000000000_SKA_1985  |7 0  |8 A  |9 215991  |a BIBEDU  |b BIBEDU  |d 2019-11-15  |i 2845482  |o Ch863 SKA 1985  |p 2845482  |r 2019-11-15  |w 2019-11-15  |y BK  |k LIT